Integración nacional y modernización financiera / (Registro nro. 11961)
[ vista simple ]
| 000 -LEADER | |
|---|---|
| fixed length control field | 01322nam a2200253Ia 4500 |
| 003 - CONTROL NUMBER IDENTIFIER | |
| control field | OSt |
| 005 - DATE AND TIME OF LATEST TRANSACTION | |
| control field | 20210723112235.0 |
| 008 - FIXED-LENGTH DATA ELEMENTS--GENERAL INFORMATION | |
| fixed length control field | 130821s1980 ck gr spa |
| 040 ## - CATALOGING SOURCE | |
| Original cataloging agency | Co-BoUCM |
| Language of cataloging | spa |
| Transcribing agency | CO-JMCR |
| 041 0# - LANGUAGE CODE | |
| Language code of text/sound track or separate title | spa |
| 082 04 - DEWEY DECIMAL CLASSIFICATION NUMBER | |
| Classification number | 330.986 / |
| Item number | C766i |
| Edition number | 23 |
| 111 2# - MAIN ENTRY--MEETING NAME | |
| Meeting name or jurisdiction name as entry element | Convención Bancaria y de Instituciones Financieras :$c |
| Number of part/section/meeting | (18 : |
| Date of meeting or treaty signing | 1980 : |
| Location of meeting | Cartagena) |
| 9 (RLIN) | 38661 |
| 245 10 - TITLE STATEMENT | |
| Title | Integración nacional y modernización financiera / |
| Statement of responsibility, etc. | memoria de la XVIII convención bancaria y de instituciones ; Asociación Bancaria de Colombia |
| 260 ## - PUBLICATION, DISTRIBUTION, ETC. | |
| Place of publication, distribution, etc. | Bogotá (Colombia) : |
| Name of publisher, distributor, etc. | La asociación, |
| Date of publication, distribution, etc. | 1980. |
| 300 ## - PHYSICAL DESCRIPTION | |
| Extent | 130 páginas ; |
| Dimensions | 23 cm. |
| 490 0# - SERIES STATEMENT | |
| Series statement | Banca ; |
| Volume/sequential designation | 80 |
| 505 0# - FORMATTED CONTENTS NOTE | |
| Title | La política de estabilidad económica. / |
| Statement of responsibility | Julio César Turbay Ayala. -- |
| Title | La integración nacional y modernización financiera. / |
| Statement of responsibility | Alfonso Dávila Ortiz. -- |
| Title | Dos años después. / |
| Statement of responsibility | Jaime García Parra. -- |
| Title | La reorganización del sistema financiero. / |
| Statement of responsibility | Jorge Mejía Salazar. -- |
| Title | La concentración. / |
| Statement of responsibility | Álvaro Gómez Hurtado. -- |
| Title | Modelos de desarrollo económico en nuestra historia. / |
| Statement of responsibility | Augusto Espinosa Valderrama. |
| 650 04 - SUBJECT ADDED ENTRY--TOPICAL TERM | |
| Topical term or geographic name entry element | Desarrollo económico |
| 9 (RLIN) | 12956 |
| 650 04 - SUBJECT ADDED ENTRY--TOPICAL TERM | |
| Topical term or geographic name entry element | Economía |
| 9 (RLIN) | 174 |
| 650 04 - SUBJECT ADDED ENTRY--TOPICAL TERM | |
| Topical term or geographic name entry element | Finanzas |
| 9 (RLIN) | 7628 |
| 650 04 - SUBJECT ADDED ENTRY--TOPICAL TERM | |
| Topical term or geographic name entry element | Finanzas |
| Geographic subdivision | Colombia |
| 9 (RLIN) | 7628 |
| 651 ## - SUBJECT ADDED ENTRY--GEOGRAPHIC NAME | |
| Geographic name | Colombia |
| General subdivision | Aspectos econm̤icos |
| 9 (RLIN) | 26606 |
| 942 ## - ADDED ENTRY ELEMENTS (KOHA) | |
| Koha item type | Books |
| Source of classification or shelving scheme | Dewey Decimal Classification |
| Withdrawn status | Lost status | Source of classification or shelving scheme | Damaged status | Not for loan | Home library | Current library | Shelving location | Date acquired | Source of acquisition | Full call number | Barcode | Date last seen | Copy number | Price effective from | Koha item type |
|---|---|---|---|---|---|---|---|---|---|---|---|---|---|---|---|
| Dewey Decimal Classification | Biblioteca Pública José María del Castillo y Rada | Biblioteca Pública José María del Castillo y Rada | General Stacks | 04/15/2018 | Donación | 330.986 / C766i | 430004058 | 05/16/2024 | Ej.1 | 03/10/2021 | Books |